[Event "Chigorin Memorial blitz 23rd"]
[Site "St Petersburg"]
[Date "2015.10.02"]
[Round "1"]
[White "Panjkov, Oleg"]
[Black "Amonatov, Farrukh"]
[Result "0-1"]
[WhiteElo "2065"]
[BlackElo "2591"]
[PlyCount "72"]
[EventDate "2015.10.02"]
[EventType "swiss (blitz)"]
[EventRounds "13"]
[EventCountry "RUS"]
[SourceTitle "CBM 168 Extra"]
[Source "ChessBase"]
[SourceDate "2015.10.29"]
[SourceVersion "1"]
[SourceVersionDate "2015.10.29"]
[SourceQuality "1"]

1. e4 c5 2. Nc3 d6 3. g3 Nc6 4. Bg2 g6 5. d3 Bg7 6. f4 e6 7. Nf3 Nge7 8. 0-0 0-0 9. Be3 Nd4 10. e5 Nef5 11. Bf2 Rb8 12. Ne4 dxe5 13. Nxe5 f6 14. Nf3 b6 15. c3 Nxf3+ 16. Bxf3 Ba6 17. Be2 Kh8 18. Qc2 Qc7 19. Rad1 Rbd8 20. Rfe1 Bb7 21. Bf3 Rfe8 22. Bg2 Bd5 23. g4 Nh6 24. Bg3 Nxg4 25. f5 e5 26. fxg6 hxg6 27. Qe2 Nh6 28. Rf1 f5 29. Ng5 Bxg2 30. Qxg2 Kg8 31. Rfe1 Nf7 32. Nf3 Qc6 33. Bh4 e4 34. dxe4 Rxd1 35. Rxd1 Rxe4 36. Ng5 Rg4 0-1

[Event "Chigorin Memorial 18th"]
[Site "St Petersburg"]
[Date "2010.11.03"]
[Round "7"]
[White "Yakimenko, Alexander A"]
[Black "Panjkov, Oleg"]
[Result "0-1"]
[WhiteElo "2211"]
[BlackElo "2065"]
[PlyCount "100"]
[EventDate "2010.10.28"]
[EventType "swiss"]
[EventRounds "9"]
[EventCountry "RUS"]
[SourceTitle "EXT 2011"]
[Source "ChessBase"]
[SourceDate "2010.11.26"]
[SourceVersion "1"]
[SourceVersionDate "2010.11.26"]
[SourceQuality "1"]

1. d4 c5 2. d5 Nf6 3. Nc3 d6 4. Nf3 g6 5. e4 Bg7 6. Be2 0-0 7. 0-0 e6 8. Nd2 exd5 9. exd5 a6 10. a4 Nbd7 11. Nc4 Nb6 12. Ne3 Bd7 13. Re1 Re8 14. Bf3 Qc7 15. Bd2 Rad8 16. Qb1 Nc8 17. a5 Bb5 18. Qa2 Na7 19. Qb3 Nd7 20. g3 Ne5 21. Bg2 Bd7 22. f3 Nb5 23. Nxb5 axb5 24. f4 Nc4 25. Nxc4 bxc4 26. Qxc4 Bxb2 27. Rab1 Bd4+ 28. Kh1 Bf5 29. Bc3 Bxc3 30. Qxc3 Rxe1+ 31. Rxe1 Ra8 32. h3 h5 33. Kh2 Qd8 34. Ra1 Ra7 35. Bf3 Qc8 36. Qf6 Bxc2 37. Qxd6 Bf5 38. Bg2 c4 39. Qb6 Ra6 40. Qb4 c3 41. Rc1 c2 42. Be4 Qe8 43. Bxf5 Qe2+ 44. Kh1 gxf5 45. Qd4 Rxa5 46. Kg1 Ra3 47. Qf2 Qd1+ 48. Qe1 Rxg3+ 49. Kh2 Qxe1 50. Rxe1 Rc3 0-1

[Event "Chigorin Memorial 18th"]
[Site "St Petersburg"]
[Date "2010.11.02"]
[Round "6"]
[White "Panjkov, Oleg"]
[Black "Manin, Viktor L"]
[Result "0-1"]
[WhiteElo "2065"]
[BlackElo "2253"]
[PlyCount "50"]
[EventDate "2010.10.28"]
[EventType "swiss"]
[EventRounds "9"]
[EventCountry "RUS"]
[SourceTitle "EXT 2011"]
[Source "ChessBase"]
[SourceDate "2010.11.26"]
[SourceVersion "1"]
[SourceVersionDate "2010.11.26"]
[SourceQuality "1"]

1. e4 e5 2. Nc3 Nf6 3. g3 Nc6 4. Bg2 Bc5 5. Nge2 0-0 6. 0-0 d6 7. Na4 Bg4 8. Nxc5 dxc5 9. h3 Bh5 10. g4 Bg6 11. Ng3 Qe7 12. d3 Rad8 13. h4 h6 14. g5 hxg5 15. Bxg5 Rd6 16. h5 Bh7 17. h6 gxh6 18. Bxh6 Re8 19. f4 Nxe4 20. f5 Qh4 21. Nxe4 Rxh6 22. Rf2 Nd4 23. f6 Kh8 24. c3 Rg8 25. Kf1 Qh1+ 0-1

[Event "Chigorin Memorial 18th"]
[Site "St Petersburg"]
[Date "2010.10.29"]
[Round "2"]
[White "Panjkov, Oleg"]
[Black "Dolzhikova, Kateryna"]
[Result "1/2-1/2"]
[WhiteElo "2065"]
[BlackElo "2298"]
[PlyCount "67"]
[EventDate "2010.10.28"]
[EventType "swiss"]
[EventRounds "9"]
[EventCountry "RUS"]
[SourceTitle "EXT 2011"]
[Source "ChessBase"]
[SourceDate "2010.11.26"]
[SourceVersion "1"]
[SourceVersionDate "2010.11.26"]
[SourceQuality "1"]

1. e4 c5 2. Nc3 d6 3. g3 Nc6 4. Bg2 g6 5. d3 Bg7 6. f4 e6 7. Nf3 Nge7 8. 0-0 0-0 9. Be3 b6 10. d4 d5 11. e5 Nf5 12. Bf2 Ba6 13. Re1 cxd4 14. Bxd4 Ncxd4 15. Nxd4 Nxd4 16. Qxd4 Qc7 17. Bf1 Bxf1 18. Kxf1 Qc5 19. Qxc5 bxc5 20. Nd1 Rab8 21. Rb1 Rb6 22. Ne3 h5 23. c4 d4 24. Nd1 Rfb8 25. b3 a5 26. Nb2 Bf8 27. Ke2 Be7 28. Kd3 Kg7 29. h4 Re8 30. Re2 Bd8 31. Rbe1 Bc7 32. Ke4 Rc6 33. Rf1 Rd8 34. Rf3 1/2-1/2

[Event "Chigorin Memorial 17th"]
[Site "St Petersburg"]
[Date "2009.10.24"]
[Round "9"]
[White "Valov, Ilya"]
[Black "Panjkov, Oleg"]
[Result "1/2-1/2"]
[WhiteElo "2274"]
[BlackElo "2054"]
[PlyCount "87"]
[EventDate "2009.10.16"]
[EventType "swiss"]
[EventRounds "9"]
[EventCountry "RUS"]
[SourceTitle "CBM 132 Extra"]
[Source "ChessBase"]
[SourceDate "2009.11.03"]
[SourceVersion "1"]
[SourceVersionDate "2009.11.03"]
[SourceQuality "1"]

1. d4 c5 2. d5 Nf6 3. Nc3 e6 4. e4 exd5 5. e5 Ng8 6. Nxd5 d6 7. Bf4 Nc6 8. Nf3 Bg4 9. Bb5 a6 10. Bxc6+ bxc6 11. Ne3 Bxf3 12. Qxf3 Qa5+ 13. c3 d5 14. 0-0 Ne7 15. Rfe1 Qb6 16. Rab1 Ng6 17. Nf5 Nxf4 18. Qxf4 0-0-0 19. e6 fxe6 20. Rxe6 Qc7 21. Qa4 Kb7 22. Rbe1 g6 23. Qb3+ Ka7 24. Ne7 Bxe7 25. Rxe7 Rd7 26. Qa3 Kb6 27. R7e6 Rhd8 28. c4 dxc4 29. Qc3 Rd4 30. g3 R8d6 31. R6e5 R6d5 32. Rxd5 Rxd5 33. Qxc4 Qd7 34. a4 a5 35. h4 Rd4 36. Qg8 Qd5 37. Qxh7 Rd1 38. Rxd1 Qxd1+ 39. Kh2 Qc2 40. Qh8 Qxf2+ 41. Kh3 Qf1+ 42. Kh2 Qf2+ 43. Kh3 Qf1+ 44. Kh2 1/2-1/2

[Event "Chigorin Memorial 17th"]
[Site "St Petersburg"]
[Date "2009.10.17"]
[Round "2"]
[White "Panjkov, Oleg"]
[Black "Ivanov, Rostislav"]
[Result "1/2-1/2"]
[WhiteElo "2054"]
[BlackElo "2287"]
[PlyCount "121"]
[EventDate "2009.10.16"]
[EventType "swiss"]
[EventRounds "9"]
[EventCountry "RUS"]
[SourceTitle "CBM 132 Extra"]
[Source "ChessBase"]
[SourceDate "2009.11.03"]
[SourceVersion "1"]
[SourceVersionDate "2009.11.03"]
[SourceQuality "1"]

1. e4 c5 2. Nc3 d6 3. g3 Nc6 4. Bg2 g6 5. d3 Bg7 6. f4 e6 7. Nf3 Nge7 8. 0-0 0-0 9. Be3 Rb8 10. d4 cxd4 11. Nxd4 Qb6 12. Na4 Qa5 13. Nc3 Rd8 14. Rb1 a6 15. a3 b5 16. Nce2 Qc7 17. c3 Na5 18. Bf2 e5 19. Nc2 Nc4 20. Ne3 Be6 21. Qc2 f5 22. Bh3 Qc8 23. Nxc4 bxc4 24. exf5 Bxf5 25. Bxf5 gxf5 26. Rfd1 Qc6 27. Rd2 Rd7 28. Rbd1 Rbd8 29. b3 Kf7 30. fxe5 Bxe5 31. Nd4 Bxd4 32. Bxd4 cxb3 33. Qxb3+ d5 34. Rf1 Rg8 35. Rdf2 Rd6 36. Qb4 Re6 37. Rf4 Qb5 38. Qxb5 axb5 39. Bc5 Rc8 40. Bxe7 Kxe7 41. Rxf5 Kd6 42. Rd1 Re5 43. Rf6+ Ke7 44. Rb6 Rxc3 45. Rxb5 Kd6 46. a4 Ra3 47. Ra5 Ra2 48. Ra6+ Kc5 49. Rh6 d4 50. Rxh7 Ree2 51. Rh5+ Kc4 52. Rh4 Red2 53. Rxd2 Rxd2 54. Kf1 Kc3 55. Rh8 Ra2 56. Rc8+ Kd3 57. Re8 Rxh2 58. g4 Kd2 59. a5 Rh6 60. Ra8 Rg6 61. a6 1/2-1/2

[Event "St Petersburg Chigorin CC-ch"]
[Site "St Petersburg"]
[Date "2009.05.29"]
[Round "9"]
[White "Chernov, Yury"]
[Black "Panjkov, Oleg"]
[Result "1-0"]
[WhiteElo "2254"]
[BlackElo "2051"]
[PlyCount "103"]
[EventDate "2009.05.19"]
[EventType "swiss"]
[EventRounds "9"]
[EventCountry "RUS"]
[SourceTitle "CBM 130 Extra"]
[Source "ChessBase"]
[SourceDate "2009.07.02"]
[SourceVersion "2"]
[SourceVersionDate "2009.07.15"]
[SourceQuality "1"]

1. d4 Nf6 2. c4 c5 3. d5 e6 4. Nc3 exd5 5. cxd5 d6 6. Nf3 g6 7. Bg5 Bg7 8. Nd2 a6 9. a4 Nbd7 10. e3 0-0 11. Be2 Re8 12. 0-0 h6 13. Bh4 Qc7 14. Bg3 Ne5 15. h3 g5 16. f4 gxf4 17. exf4 Ng6 18. Bd3 Ne7 19. Qf3 Nf5 20. Nc4 Rb8 21. a5 Bd7 22. Bxf5 Bxf5 23. Rfe1 Nd7 24. Na4 Nf6 25. Nc3 Nd7 26. Na4 Nf6 27. Nab6 Rbd8 28. Bh4 Be4 29. Qd1 Bf5 30. Ne3 Bd7 31. Qc2 Rb8 32. Nf5 Bxf5 33. Qxf5 Nh7 34. Nd7 Ra8 35. Nf6+ Nxf6 36. Bxf6 Bxf6 37. Qxf6 Kh7 38. g4 c4 39. Kg2 Qd7 40. Kf3 Rxe1 41. Rxe1 Re8 42. Rxe8 Qxe8 43. Qxd6 Qe1 44. Qe5 Qh1+ 45. Kg3 Qg1+ 46. Kh4 Qf2+ 47. Kh5 Qf1 48. h4 Qd3 49. f5 Qd2 50. d6 Qb4 51. d7 Qf8 52. Qf6 1-0

[Event "St Petersburg Chigorin CC-ch"]
[Site "St Petersburg"]
[Date "2009.05.24"]
[Round "5"]
[White "Smirnov, Leonid G"]
[Black "Panjkov, Oleg"]
[Result "1/2-1/2"]
[WhiteElo "1943"]
[BlackElo "2051"]
[PlyCount "68"]
[EventDate "2009.05.19"]
[EventType "swiss"]
[EventRounds "9"]
[EventCountry "RUS"]
[SourceTitle "CBM 130 Extra"]
[Source "ChessBase"]
[SourceDate "2009.07.02"]
[SourceVersion "2"]
[SourceVersionDate "2009.07.15"]
[SourceQuality "1"]

1. d4 Nf6 2. c3 e6 3. Qc2 d5 4. Nd2 b6 5. e4 dxe4 6. Nxe4 Bb7 7. Nxf6+ gxf6 8. Bf4 Bd6 9. Ne2 f5 10. Bxd6 Qxd6 11. 0-0-0 Nd7 12. f3 Qe7 13. h4 0-0-0 14. Qa4 Kb8 15. c4 c5 16. Qc2 Nf6 17. Rd3 Ba6 18. Qa4 Bc8 19. Qa3 Qd6 20. Kc2 cxd4 21. Qxd6+ Rxd6 22. Nxd4 a6 23. Be2 Nh5 24. Nb3 Rxd3 25. Bxd3 Rg8 26. Rh2 Nf4 27. Bf1 e5 28. Nc1 Bb7 29. Nd3 Nxd3 30. Bxd3 e4 31. Be2 Rg3 32. f4 Kc7 33. Bf1 Rg7 34. Be2 e3 1/2-1/2

[Event "St Petersburg Chigorin CC-ch"]
[Site "St Petersburg"]
[Date "2009.05.21"]
[Round "3"]
[White "Kiseleva, Arina"]
[Black "Panjkov, Oleg"]
[Result "0-1"]
[WhiteElo "1867"]
[BlackElo "2051"]
[PlyCount "60"]
[EventDate "2009.05.19"]
[EventType "swiss"]
[EventRounds "9"]
[EventCountry "RUS"]
[SourceTitle "CBM 130 Extra"]
[Source "ChessBase"]
[SourceDate "2009.07.02"]
[SourceVersion "2"]
[SourceVersionDate "2009.07.15"]
[SourceQuality "1"]

1. d4 Nf6 2. c4 c5 3. d5 e6 4. Nc3 exd5 5. cxd5 d6 6. e4 g6 7. Bf4 a6 8. Nf3 b5 9. a3 Bg7 10. Bd3 0-0 11. 0-0 Bg4 12. h3 Bxf3 13. Qxf3 Nh5 14. Bd2 Nd7 15. Qd1 Bd4 16. Rb1 Ne5 17. Bh6 Re8 18. Ne2 Nxd3 19. Nxd4 c4 20. Qf3 Ne5 21. Qe2 Qh4 22. f4 Ng3 23. Qf2 Ng4 24. Bg5 Nxf2 25. Bxh4 Nxf1 26. Bxf2 Nd2 27. Rd1 Nxe4 28. Bh4 h6 29. Nf3 Nc5 30. Rd4 Nd3 0-1

[Event "St Petersburg Autumn op"]
[Site "St Petersburg"]
[Date "2009.??.??"]
[Round "1"]
[White "Gavrikov, Viktor1"]
[Black "Panjkov, Oleg"]
[Result "0-1"]
[WhiteElo "1675"]
[BlackElo "2050"]
[PlyCount "88"]
[EventDate "2009.10.??"]
[EventType "swiss"]
[EventRounds "9"]
[EventCountry "RUS"]
[SourceTitle "EXT 2011"]
[Source "ChessBase"]
[SourceDate "2010.11.26"]
[SourceVersion "1"]
[SourceVersionDate "2010.11.26"]
[SourceQuality "1"]

1. Nf3 Nf6 2. c4 g6 3. g3 Bg7 4. Bg2 0-0 5. 0-0 e6 6. Nc3 d5 7. cxd5 exd5 8. d4 b6 9. Bg5 Bb7 10. Ne5 h6 11. Be3 Nbd7 12. Qd2 Kh7 13. Rac1 c6 14. h3 Nh5 15. g4 Nhf6 16. f4 Ne8 17. Nd1 Rc8 18. Nf2 Nd6 19. b3 f6 20. Nf3 Re8 21. g5 Nf5 22. Rc3 Ng3 23. Re1 Bf8 24. Rc2 a5 25. Nh2 Bb4 26. Rc3 Nf5 27. Nf1 Qe7 28. Rec1 Nxe3 29. Qxe3 Qxe3 30. Rxe3 Rxe3 31. Nxe3 Bd2 32. Rf1 Bxe3 33. gxf6 Nxf6 34. Kh2 Bxd4 35. Nd3 Re8 36. Ne5 Nh5 37. Nf3 Bc5 38. Ne5 Rf8 39. Nd3 Be3 40. Rf3 Bxf4+ 41. Nxf4 Rxf4 42. Re3 Rf7 43. Bf3 Ng7 44. Kg3 Nf5+ 0-1

[Event "St Petersburg Autumn op"]
[Site "St Petersburg"]
[Date "2009.??.??"]
[Round "2"]
[White "Panjkov, Oleg"]
[Black "Pashinsky, Mikhail"]
[Result "1/2-1/2"]
[WhiteElo "2050"]
[BlackElo "2235"]
[PlyCount "107"]
[EventDate "2009.10.??"]
[EventType "swiss"]
[EventRounds "9"]
[EventCountry "RUS"]
[SourceTitle "EXT 2011"]
[Source "ChessBase"]
[SourceDate "2010.11.26"]
[SourceVersion "1"]
[SourceVersionDate "2010.11.26"]
[SourceQuality "1"]

1. e4 c5 2. Nc3 Nc6 3. g3 g6 4. Bg2 Bg7 5. d3 d6 6. f4 e6 7. Nf3 Nge7 8. 0-0 0-0 9. Be3 Nd4 10. e5 Qb6 11. Rb1 Nef5 12. Bf2 Nxf3+ 13. Qxf3 Nd4 14. Qd1 dxe5 15. fxe5 Bxe5 16. Ne4 f5 17. Nd2 Bf6 18. c3 Nc6 19. b4 Qc7 20. Bxc5 Rd8 21. b5 Ne7 22. d4 Nd5 23. Qb3 b6 24. Bb4 a5 25. bxa6 Rxa6 26. Qc4 Qd7 27. Rfe1 b5 28. Qb3 Nxb4 29. Qxb4 Rxa2 30. Rb2 Rxb2 31. Qxb2 Qc7 32. Nf3 Bd7 33. Ne5 Rc8 34. Nxd7 Qxd7 35. Rd1 Kg7 36. Bf1 Qc7 37. Rd3 Qb6 38. Kh1 Rd8 39. Re3 Rxd4 40. cxd4 Bxd4 41. Rxe6 Qxe6 42. Qxd4+ Kh6 43. Qd2+ g5 44. h4 Qe4+ 45. Kh2 f4 46. Qd6+ Kh5 47. g4+ Kxg4 48. Bh3+ Kh5 49. hxg5 Qe2+ 50. Bg2 Qf2 51. Qh6+ Kg4 52. Qe6+ Kxg5 53. Qe5+ Kg6 54. Qe6+ 1/2-1/2